000 00694nam a2200229Ia 4500
003 OSt
005 20220925215256.0
006 a|||||r|||| 00| 0
007 ta
008 220923b |||||||| |||| 00| 0 eng d
037 _cGeneral Book
040 _aRTL
_cRTL
_beng
041 _2eng
_aeng
082 _aX65291.1(X).N76, L4
100 _aLITTLE I M D
_9105011
245 0 _aProject appraisal and planning for development countries.
260 _aLondon
_bHeinemann Educational Books
_c1974
300 _axi,388p.
_ccm.
700 _a MIRRLEES J A
_9153079
942 _hX65291.1(X).N76, L4
_cGB
_2CC
999 _c568322
_d568322